Statistics for Vandal Kings

Click here to take the quiz!

General Stats

  • This quiz has been taken 4 times
  • The average score is 4 of 8

Answer Stats

ReignKing% Correct
428 - 477Genseric
100%
496 - 523Thrasamund
100%
530 - 534Gelimer
50%
407 - 427Gunderic
50%
523 - 530Hilderic
50%
477 - 484Huneric
50%
? - 406Godigisel
0%
484 - 496Gunthamund
0%

Score Distribution

Percentile by Number Answered

Percent of People with Each Score

Your Score History

You have not taken this quiz